Normal view
MARC view
Entry Personal Name
001 - CONTROL NUMBER
- control field: 28702
003 - CONTROL NUMBER IDENTIFIER
- control field: ARRUPE
005 - DATE AND TIME OF LATEST TRANSACTION
- control field: 20170209100024.0
008 - FIXED-LENGTH DATA ELEMENTS
- fixed length control field: 170209|| aca||aabn | a|a d
040 ## - CATALOGING SOURCE
- Original cataloging agency: ARRUPE
- Transcribing agency: ARRUPE
100 ## - HEADING--PERSONAL NAME
- Personal name: Kihlberg, Mats
670 ## - SOURCE DATA FOUND
- Source citation: Work cat.: (ARRUPE): Kihlberg, Mats , Sarec's first decade , 1986